000 01524nam1a22002891i 4500
001 rc\2341821
005 20260407082910.0
035 _a(NLR Aleph) 006679279
090 _a5065124
_c5065124
100 _a20110829g1977 |||y0rusy50 ca
101 0 _arus
102 _aRU
105 _ay c |||||
200 1 _aУказатель патентов по геохимическим методам поисков и разведки полезных ископаемых
_f[Сост. Л.М. Зорькин, Р.В. Петрашенко, М.В. Захарова и др.]
_gВНИИ экономики минер. сырья и геол.-развед. работ
210 _aМосква
_cОЦНТИ ВИЭМС
_d1977-
215 _d20
300 _aПродолж. кн. "Каталог авторских свидетельств по геохимическим методам поисков и разведки полезных ископаемых"
606 _aГеохимическая разведка
_jПатенты
_jУказатели
_2rkp
702 1 _aЗахарова
_bМ.В.
_4220
702 1 _aЗорькин
_bЛ.М.
_gЛеонид Матвеевич
_4220
702 1 _aПетрашенко
_bР.В.
_4220
712 0 2 _aВНИИ экономики минерального сырья и геологоразведочных работ
_3RU\NLR\AUTH\888989
_9290479
801 0 _aRU
_bNLR
_gpsbo
801 1 _aRU
_bELAR
_2rusmarc
852 _aNLR
_jПт 10.211/41
899 _aRuMoRGB
_jБ 78-51/1399
942 _cBOOK